000 00354nam a2200157Ia 4500
100 _aAntoniou/Andreas
650 _aDSP
942 _cRB
366 _f20
654 _aDSP
245 _aDigital Signal Processing:Signals
260 _bMcGraw Hill International
_aNew Delhi
_c2006
082 _a621.3822/ANT
_bANT
300 _a965
546 _aENGLISH
999 _c20553
_d20553